[Event "Maia op"]
[Site "Maia"]
[Date "2024.08.29"]
[Round "7"]
[White "Mannion, Stephen R"]
[Black "Bastos Gonzalez, Gonzalo"]
[Result "1/2-1/2"]
[WhiteElo "2135"]
[BlackElo "1917"]
[PlyCount "89"]
[EventDate "2024.08.23"]
[EventType "swiss"]
[EventRounds "9"]
[EventCountry "POR"]
[SourceTitle "CBM 221 Extra"]
[Source "ChessBase"]
[SourceDate "2024.09.30"]
[SourceVersion "1"]
[SourceVersionDate "2024.09.30"]
[SourceQuality "1"]

1. e4 c5 2. Nf3 Nc6 3. d4 cxd4 4. Nxd4 Nf6 5. Nc3 e5 6. Ndb5 d6 7. Bg5 a6 8. Na3 b5 9. Bxf6 gxf6 10. Nd5 Bg7 11. Bd3 Ne7 12. Nxe7 Qxe7 13. 0-0 0-0 14. c4 f5 15. Qf3 d5 16. cxd5 fxe4 17. Bxe4 Rb8 18. Rfd1 Qd7 19. d6 Rb6 20. Qd3 Rd8 21. Rac1 Bf8 22. Qg3+ Bg7 23. Qh4 Rxd6 24. Bxh7+ Kf8 25. Qb4 Bb7 26. Nc2 Qe7 27. Rxd6 Rxd6 28. Qe1 Qh4 29. Ne3 Rh6 30. Rc7 Qxh2+ 31. Kf1 Bxg2+ 32. Nxg2 Qh1+ 33. Ke2 Qxe1+ 34. Kxe1 Rxh7 35. Ra7 Rh1+ 36. Ke2 Rb1 37. Rxa6 Rxb2+ 38. Kf3 Rb4 39. Ne3 Ra4 40. Rxa4 bxa4 41. Ke4 f6 42. Kf5 Kf7 43. Nd5 a3 44. f3 Bh8 45. Ke4 1/2-1/2

[Event "Leca da Palmeira op 1st"]
[Site "Leca da Palmeira"]
[Date "2022.07.31"]
[Round "2"]
[White "Umetsubo, Cesar Hidemitsu"]
[Black "Bastos Gonzalez, Gonzalo"]
[Result "1/2-1/2"]
[WhiteElo "2405"]
[BlackElo "1946"]
[PlyCount "80"]
[EventDate "2022.07.31"]
[EventType "swiss"]
[EventRounds "9"]
[EventCountry "POR"]
[SourceTitle "CBM 209 Extra"]
[Source "ChessBase"]
[SourceDate "2022.09.30"]
[SourceVersion "1"]
[SourceVersionDate "2022.09.30"]
[SourceQuality "1"]

1. d4 Nf6 2. c4 e6 3. Nc3 Bb4 4. e3 c5 5. Nge2 b6 6. a3 Ba5 7. Rb1 Na6 8. Ng3 Bb7 9. f3 0-0 10. Bd2 cxd4 11. exd4 Bxc3 12. bxc3 Nc7 13. c5 Bc6 14. cxb6 axb6 15. c4 Re8 16. Qc1 Rb8 17. Qb2 d5 18. Bf4 Rb7 19. Rc1 dxc4 20. Bxc4 Ncd5 21. Bd2 Qa8 22. 0-0 Ra7 23. Ra1 Bb7 24. Rfe1 Ba6 25. Bb3 Bd3 26. a4 Rc8 27. Ne4 Nxe4 28. fxe4 Nf6 29. d5 exd5 30. exd5 Be4 31. Bg5 Bxd5 32. Bxf6 gxf6 33. Ra3 Be4 34. Qxf6 Qc6 35. Qxc6 Bxc6 36. Bc2 Re8 37. Rb1 Rae7 38. Rg3+ Kh8 39. h4 Be4 40. Bxe4 Rxe4 1/2-1/2

[Event "Pontevedra op-A 10th"]
[Site "Pontevedra"]
[Date "2022.07.28"]
[Round "7"]
[White "Vela Ignacio, Jose Manuel"]
[Black "Bastos Gonzalez, Gonzalo"]
[Result "1/2-1/2"]
[WhiteElo "2026"]
[BlackElo "1946"]
[PlyCount "122"]
[EventDate "2022.07.24"]
[EventType "swiss"]
[EventRounds "9"]
[EventCountry "ESP"]
[SourceTitle "EXT 2023"]
[Source "ChessBase"]
[SourceDate "2022.10.05"]
[SourceVersion "1"]
[SourceVersionDate "2022.10.05"]
[SourceQuality "1"]

1. d4 Nf6 2. c4 e6 3. Nc3 Bb4 4. a3 Bxc3+ 5. bxc3 b6 6. f3 Nc6 7. e4 d6 8. Bd3 Na5 9. Qe2 Nb3 10. Rb1 Nxc1 11. Rxc1 e5 12. Qf2 0-0 13. Ne2 Qd7 14. 0-0 Ba6 15. f4 Rae8 16. fxe5 dxe5 17. h3 Qc6 18. dxe5 Rxe5 19. Nd4 Qc5 20. Kh1 Bxc4 21. Bxc4 Qxc4 22. Qg3 Nd7 23. Rf4 g6 24. Nf5 Kh8 25. Rd1 Nf6 26. Qh4 Ng8 27. Qg3 Qe6 28. Nd4 Qe8 29. Nf3 Rxe4 30. Rxe4 Qxe4 31. Qxc7 Nf6 32. Re1 Qf5 33. Nd4 Qf2 34. Re2 Qf1+ 35. Kh2 Nh5 36. Re7 Nf4 37. Qb7 Nd3 38. Ne6 Nc5 39. Nxc5 Qf4+ 40. Kg1 bxc5 41. Qxa7 Rd8 42. Re1 Qd2 43. Qe7 Kg7 44. Qe5+ Kg8 45. a4 Rd6 46. a5 Qd5 47. Qxd5 Rxd5 48. Re8+ Kg7 49. a6 Rd1+ 50. Kf2 Ra1 51. Ra8 Kf6 52. a7 h5 53. Kf3 Kf5 54. h4 Ra3 55. Rc8 Rxa7 56. Rxc5+ Ke6 57. g4 hxg4+ 58. Kxg4 Kd6 59. Rc8 Ra1 60. Kg5 Rg1+ 61. Kf6 Rf1+ 1/2-1/2

[Event "Pontevedra op-A 10th"]
[Site "Pontevedra"]
[Date "2022.07.24"]
[Round "1"]
[White "Bastos Gonzalez, Gonzalo"]
[Black "Rey Malde, Henrique"]
[Result "0-1"]
[WhiteElo "1946"]
[BlackElo "2297"]
[PlyCount "64"]
[EventDate "2022.07.24"]
[EventType "swiss"]
[EventRounds "9"]
[EventCountry "ESP"]
[SourceTitle "EXT 2023"]
[Source "ChessBase"]
[SourceDate "2022.10.05"]
[SourceVersion "1"]
[SourceVersionDate "2022.10.05"]
[SourceQuality "1"]

1. Nf3 c5 2. c4 Nc6 3. d4 cxd4 4. Nxd4 e6 5. Nc3 Qb6 6. Ndb5 a6 7. Be3 Qa5 8. Nd6+ Bxd6 9. Qxd6 Nge7 10. g3 Nf5 11. Qd2 Nxe3 12. Qxe3 b5 13. cxb5 axb5 14. Qc5 b4 15. Qxa5 Rxa5 16. Ne4 f5 17. Nd6+ Ke7 18. Nc4 Ra7 19. a4 Nd4 20. 0-0-0 Bb7 21. Rg1 Nb3+ 22. Kc2 Nc5 23. b3 Bd5 24. Nd2 Rc8 25. Kb2 Bxb3 26. Nxb3 Nxa4+ 27. Kb1 Nc3+ 28. Kc1 Nxe2+ 29. Kd2 Ra2+ 30. Ke3 Rc3+ 31. Rd3 Rxd3+ 32. Kxd3 Nxg1 0-1